Planning and budgeting in poor countries (Record no. 81933)

MARC details
000 -LEADER
fixed length control field 01015nam a2200193 a 4500
008 - FIXED-LENGTH DATA ELEMENTS--GENERAL INFORMATION
fixed length control field 120416s1974 ||||||||||||||||| || u
050 ## - LIBRARY OF CONGRESS CALL NUMBER
Classification number HC 59.7 Cai
100 ## - MAIN ENTRY--PERSONAL NAME
Personal name Caiden, Naomi
245 10 - TITLE STATEMENT
Title Planning and budgeting in poor countries
260 ## - PUBLICATION, DISTRIBUTION, ETC.
Place of publication, distribution, etc. New York
Name of publisher, distributor, etc. Willey
Date of publication, distribution, etc. 1974
300 ## - PHYSICAL DESCRIPTION
Extent xviii, 371p. : ill
350 ## -
-- 0.00
650 ## - SUBJECT ADDED ENTRY--TOPICAL TERM
Topical term or geographic name entry element BUDGET PLANNING
650 ## - SUBJECT ADDED ENTRY--TOPICAL TERM
Topical term or geographic name entry element PLANNING
995 ## -
-- TEXTBOOKS (SB)
-- 0.00
-- 01197
-- CBU-SCHOOL TEXTBOOK COLLECTIONS
-- 1
-- 0.00
-- SCHOOL TEXTBOOK
-- 4
-- AVAILABLE
-- Sep 17, 2009
-- 01197
-- School Collections
995 ## -
-- MAIN LIBRARY OPEN ACCESS
-- 0.00
-- 707544
-- CBU-MAIN LIBRARY (Kitwe)
-- 2
-- 0.00
-- HC 59.7 Cai
-- 1
-- AVAILABLE
-- 002054
-- Main Library Open Access Collection
995 ## -
-- MAIN LIBRARY OPEN ACCESS
-- 0.00
-- 707543
-- CBU-MAIN LIBRARY (Kitwe)
-- 1
-- 0.00
-- HC 59.7 Cai
-- 2
-- AVAILABLE
-- 002055
-- Main Library Open Access Collection
995 ## -
-- TEXTBOOKS (SB)
-- 0.00
-- 01196
-- CBU-SCHOOL TEXTBOOK COLLECTIONS
-- 1
-- 0.00
-- SCHOOL TEXTBOOK
-- 3
-- AVAILABLE
-- Sep 17, 2009
-- 01196
-- School Collections
999 ## -
-- 81933
-- 81933
Holdings
Withdrawn status Lost status Source of classification or shelving scheme Damaged status Not for loan Permanent Location Current Location Shelving location Date acquired Total Checkouts Barcode Date last seen Copy number Price effective from Koha item type Full call number
          CBU-MAIN LIBRARY, KITWE. CBU-MAIN LIBRARY, KITWE.   09/12/2023   002054 09/12/2023 2 09/12/2023 MONOGRAPH HC 59.7 Cai
          CBU-MAIN LIBRARY, KITWE. CBU-MAIN LIBRARY, KITWE.   09/12/2023   002055 09/12/2023 3 09/12/2023 MONOGRAPH HC 59.7 Cai
          CBU-SCHOOL TEXT BOOK COLLECTION CBU-SCHOOL TEXT BOOK COLLECTION   09/12/2023   01197SCHOOL TEXTBOOK 09/12/2023 1 09/12/2023 MONOGRAPH  
          CBU-SCHOOL TEXT BOOK COLLECTION CBU-SCHOOL TEXT BOOK COLLECTION   09/12/2023   01196 09/12/2023 4 09/12/2023 MONOGRAPH SCHOOL TEXTBOOK